[Event "Mitropa Cup (Women)"]
[Site "Apolda"]
[Date "2024.02.21"]
[Round "7.18"]
[White "Demeter, Dorina"]
[Black "Schneider, Jana"]
[Result "1-0"]
[WhiteElo "2271"]
[BlackElo "2320"]
[PlyCount "89"]
[EventDate "2024.02.15"]
[EventType "team-tourn"]
[EventRounds "9"]
[EventCountry "GER"]
[SourceTitle "CB09_2024"]
[SourceDate "2024.02.28"]
[SourceVersion "1"]
[SourceVersionDate "2024.02.28"]
[SourceQuality "1"]
[WhiteTeam "Hungary (W)"]
[BlackTeam "Germany (W)"]
[WhiteTeamCountry "HUN"]
[BlackTeamCountry "GER"]

1. Nf3 d5 2. e3 Nf6 3. c4 e6 4. Nc3 Nbd7 5. b3 b6 6. cxd5 exd5 7. Bb2 Bb7 8. d4 Be7 9. Bd3 0-0 10. 0-0 Re8 11. Ne5 Bf8 12. f4 c5 13. Qf3 cxd4 14. exd4 Nb8 15. Rac1 a6 16. Qh3 b5 17. Rfe1 Qb6 18. Kh1 h6 19. Re2 Nc6 20. Nxd5 Nxd5 21. Qf5 Nf6 22. Nd7 g6 23. Qxf6 Rxe2 24. Nxb6 Rxb2 25. Bxg6 fxg6 26. Qxg6+ Bg7 27. Nxa8 Nxd4 28. Re1 Bc6 29. Nc7 Rxa2 30. b4 Kh8 31. Re8+ Bxe8 32. Qxe8+ Kh7 33. Qe4+ Kh8 34. h4 Rb2 35. Ne8 Ne2 36. Qg6 Bd4 37. Nd6 Bg7 38. Nf7+ Kg8 39. Nxh6+ Kh8 40. Nf7+ Kg8 41. h5 Nxf4 42. Nh6+ Kh8 43. Qe8+ Kh7 44. Ng4 Ne2 45. Nf6+ 1-0

[Event "Mitropa Cup (Women)"]
[Site "Apolda"]
[Date "2024.02.15"]
[Round "1.2"]
[White "Zimina, Olga"]
[Black "Schneider, Jana"]
[Result "0-1"]
[WhiteElo "2291"]
[BlackElo "2320"]
[PlyCount "54"]
[EventDate "2024.02.15"]
[EventType "team-tourn"]
[EventRounds "9"]
[EventCountry "GER"]
[SourceTitle "CB09_2024"]
[SourceDate "2024.02.28"]
[SourceVersion "1"]
[SourceVersionDate "2024.02.28"]
[SourceQuality "1"]
[WhiteTeam "Italy (W)"]
[BlackTeam "Germany (W)"]
[WhiteTeamCountry "ITA"]
[BlackTeamCountry "GER"]

1. d4 d5 2. Nf3 Nf6 3. c4 e6 4. Qc2 Be7 5. g3 c5 6. dxc5 d4 7. a3 a5 8. Bg2 Nc6 9. 0-0 e5 10. Rd1 e4 11. Ng5 d3 12. exd3 Nd4 13. Qd2 Nb3 14. Qe1 Bg4 15. Rd2 Nxa1 16. dxe4 Nd7 17. Rd5 0-0 18. Be3 Nc2 19. Qc3 Nxe3 20. Qxe3 Be6 21. Nxe6 fxe6 22. Rd2 Bxc5 23. Qc3 Qe7 24. Kf1 Nf6 25. h3 Rad8 26. e5 Rxd2 27. Nxd2 Ng4 0-1

[Event "German Masters (Women)"]
[Site "Rosenheim"]
[Date "2023.12.19"]
[Round "9"]
[White "Heinemann, Josefine"]
[Black "Schneider, Jana"]
[Result "0-1"]
[WhiteElo "2360"]
[BlackElo "2255"]
[PlyCount "80"]
[EventDate "2023.12.11"]
[EventType "tourn"]
[EventRounds "9"]
[EventCountry "GER"]
[EventCategory "2"]
[SourceTitle "CB51_2023"]
[SourceDate "2023.12.20"]
[SourceVersion "1"]
[SourceVersionDate "2023.12.20"]
[SourceQuality "1"]

1. c4 e6 2. g3 d5 3. Bg2 Nf6 4. Nf3 d4 5. e3 c5 6. exd4 cxd4 7. d3 Bc5 8. 0-0 Nc6 9. Bg5 h6 10. Bxf6 gxf6 11. Nbd2 a5 12. Nh4 f5 13. Qh5 Qg5 14. Qe2 Qf6 15. f4 0-0 16. a3 Re8 17. Qh5 Be7 18. Rae1 Bd7 19. Re2 a4 20. Ndf3 Ra5 21. Bh3 Kh8 22. Rfe1 Rg8 23. Bg2 Kg7 24. Ne5 Nxe5 25. Rxe5 Rxe5 26. Rxe5 b6 27. Qd1 Bd6 28. Re2 Bxf4 29. gxf4 Qxh4 30. Rf2 Kh7 31. Qf3 Qg4 32. Qb7 Qd1+ 33. Rf1 Qe2 34. Rf2 Qe1+ 35. Rf1 Qe3+ 36. Kh1 Be8 37. Qxb6 Qxd3 38. c5 Qe2 39. Qb7 Rxg2 40. Qxg2 Bc6 0-1

[Event "German Masters (Women)"]
[Site "Rosenheim"]
[Date "2023.12.16"]
[Round "6"]
[White "Schneider, Jana"]
[Black "Klek, Hanna Marie"]
[Result "1/2-1/2"]
[WhiteElo "2255"]
[BlackElo "2236"]
[PlyCount "55"]
[EventDate "2023.12.11"]
[EventType "tourn"]
[EventRounds "9"]
[EventCountry "GER"]
[EventCategory "2"]
[SourceTitle "CB51_2023"]
[SourceDate "2023.12.20"]
[SourceVersion "1"]
[SourceVersionDate "2023.12.20"]
[SourceQuality "1"]

1. e4 c5 2. Nf3 Nc6 3. d4 cxd4 4. Nxd4 e5 5. Nb5 d6 6. c4 Be6 7. N5c3 Nf6 8. Be2 Rc8 9. Be3 a6 10. 0-0 g6 11. Nd5 Bg7 12. Nbc3 Bxd5 13. cxd5 Nd4 14. Bxd4 exd4 15. Qxd4 0-0 16. Qb4 Re8 17. Qxb7 Nxe4 18. Nxe4 Rxe4 19. Qxa6 Bxb2 20. Rab1 Rb8 21. Qd3 Reb4 22. Bd1 Qh4 23. Qg3 Qf6 24. Qf3 Rf4 25. Qe2 Rfb4 26. Qf3 Rf4 27. Qe2 Rfb4 28. Qf3 1/2-1/2

[Event "German Masters (Women)"]
[Site "Rosenheim"]
[Date "2023.12.14"]
[Round "4"]
[White "Schneider, Jana"]
[Black "Hoolt, Sarah"]
[Result "1-0"]
[WhiteElo "2255"]
[BlackElo "2309"]
[PlyCount "63"]
[EventDate "2023.12.11"]
[EventType "tourn"]
[EventRounds "9"]
[EventCountry "GER"]
[EventCategory "2"]
[SourceTitle "CB51_2023"]
[SourceDate "2023.12.20"]
[SourceVersion "1"]
[SourceVersionDate "2023.12.20"]
[SourceQuality "1"]

1. e4 e6 2. d4 d5 3. e5 c5 4. c3 Nc6 5. Nf3 Bd7 6. Be2 Nge7 7. 0-0 Ng6 8. g3 Be7 9. h4 cxd4 10. cxd4 0-0 11. h5 Nh8 12. Be3 f6 13. Nbd2 Nf7 14. exf6 Bxf6 15. Nb3 b6 16. Nc1 Nd6 17. Nd3 Nf5 18. Nf4 Qe8 19. Kg2 Rd8 20. Rc1 Nxe3+ 21. fxe3 e5 22. Nxd5 exd4 23. Nxf6+ Rxf6 24. Ng5 Rxf1 25. Qxf1 Ne5 26. exd4 Bc6+ 27. Kg1 Rxd4 28. Qf5 g6 29. Qf6 Rd2 30. Ne6 Qf7 31. Qxe5 Bd7 32. Ng5 1-0

[Event "German Masters (Women)"]
[Site "Rosenheim"]
[Date "2023.12.12"]
[Round "2"]
[White "Bashylina, Luisa"]
[Black "Schneider, Jana"]
[Result "0-1"]
[WhiteElo "2179"]
[BlackElo "2255"]
[PlyCount "106"]
[EventDate "2023.12.11"]
[EventType "tourn"]
[EventRounds "9"]
[EventCountry "GER"]
[EventCategory "2"]
[SourceTitle "CB51_2023"]
[SourceDate "2023.12.20"]
[SourceVersion "1"]
[SourceVersionDate "2023.12.20"]
[SourceQuality "1"]

1. d4 d5 2. c4 e6 3. Nc3 Nf6 4. cxd5 exd5 5. Bg5 c6 6. e3 Be7 7. Bd3 0-0 8. Nge2 h6 9. Bh4 Ne8 10. Bg3 Nd6 11. Qc2 Re8 12. 0-0 Bf8 13. Rae1 a5 14. Nf4 Na6 15. a3 b5 16. f3 Nc4 17. Bf2 b4 18. Nb1 bxa3 19. Bxc4 dxc4 20. bxa3 Nc7 21. e4 Ba6 22. Rd1 Rb8 23. Rfe1 Qf6 24. Bg3 Rb3 25. Ne2 Ne6 26. Qd2 Qg5 27. f4 Qd8 28. Qc1 Rd3 29. Bf2 Qd7 30. Nbc3 Rb8 31. f5 Nc7 32. Nf4 Rxd1 33. Rxd1 Rb3 34. Nb1 Qc8 35. a4 Qb8 36. Be1 Qb6 37. Ne2 Rd3 38. Bg3 Ne8 39. Nbc3 Qb3 40. Bf4 Bb4 41. Bd2 Nd6 42. Rf1 Rxd2 43. Qxd2 Nxe4 44. Qe3 Nxc3 45. Qe8+ Bf8 46. Nf4 Qb7 47. f6 Qc8 48. Qe5 gxf6 49. Qxa5 Nd5 50. Nxd5 cxd5 51. Qxd5 c3 52. Rc1 Ba3 53. Re1 c2 0-1

[Event "EU-chT (Women) 24th"]
[Site "Budva"]
[Date "2023.11.19"]
[Round "8.3"]
[White "Guichard, Pauline"]
[Black "Schneider, Jana"]
[Result "1-0"]
[WhiteElo "2347"]
[BlackElo "2265"]
[PlyCount "59"]
[EventDate "2023.11.11"]
[EventType "team-swiss"]
[EventRounds "9"]
[EventCountry "MNE"]
[SourceTitle "CB47_2023"]
[SourceDate "2023.11.22"]
[SourceVersion "1"]
[SourceVersionDate "2023.11.22"]
[SourceQuality "1"]
[WhiteTeam "France (W)"]
[BlackTeam "Germany (W)"]
[WhiteTeamCountry "FRA"]
[BlackTeamCountry "GER"]

1. d4 d5 2. c4 e6 3. Nf3 Nf6 4. Nc3 dxc4 5. e4 Bb4 6. Bg5 b5 7. a4 c5 8. axb5 cxd4 9. Qa4 dxc3 10. Qxb4 cxb2 11. Qxb2 h6 12. Be3 0-0 13. Bxc4 Nxe4 14. b6 Qe7 15. bxa7 Nc6 16. 0-0 Nd6 17. Be2 Nf5 18. Bb6 e5 19. Rfc1 Qf6 20. Bd3 Bd7 21. Be4 Rfc8 22. Bc5 Nd6 23. Bd5 Be6 24. Bxc6 Rxc6 25. Qb8+ Rc8 26. Qxd6 e4 27. Bd4 Rd8 28. Qc5 Qg6 29. Ne5 Qg5 30. Nc6 1-0

[Event "Bayern-chI Bank Hofmann 26th"]
[Site "Tegernsee"]
[Date "2023.11.05"]
[Round "9"]
[White "Meissner, Felix"]
[Black "Schneider, Jana"]
[Result "1-0"]
[WhiteElo "2382"]
[BlackElo "2285"]
[PlyCount "135"]
[EventDate "2023.10.28"]
[EventType "swiss"]
[EventRounds "9"]
[EventCountry "GER"]
[SourceTitle "Mega2024 Update 01"]
[Source "Chessbase"]
[SourceDate "2023.11.12"]
[SourceVersion "1"]
[SourceVersionDate "2023.11.12"]
[SourceQuality "1"]

1. e4 e5 2. Nf3 Nc6 3. Nc3 Nf6 4. h3 d5 5. exd5 Nxd5 6. Bb5 Nxc3 7. bxc3 Bd6 8. 0-0 0-0 9. d4 exd4 10. cxd4 h6 11. c4 Qf6 12. Be3 Rd8 13. Bxc6 bxc6 14. Nd2 Qg6 15. Qf3 Bf5 16. c5 Be7 17. Kh1 Rd5 18. Qf4 Bf6 19. Rfe1 Rc8 20. Nf1 Bd3 21. Ng3 h5 22. Ne2 Rd7 23. Rad1 Rcd8 24. Qg3 h4 25. Qxg6 Bxg6 26. Rd2 Rb8 27. Nf4 Bf5 28. Red1 Rb5 29. Ne2 Be6 30. Nc3 Rb4 31. Kg1 Rc4 32. Ne4 Be7 33. Rb1 Bf5 34. f3 Kh7 35. Rb3 Ra4 36. Nc3 Ra5 37. a4 Be6 38. Rb7 Bf6 39. Kf2 Bc4 40. Rb4 Ba6 41. Ne4 Be7 42. Ke1 f5 43. Ng5+ Kg6 44. f4 Bxg5 45. fxg5 Re7 46. Kf2 Re4 47. Rdb2 f4 48. Bd2 Kxg5 49. Ra2 Bd3 50. Bc3 Re3 51. Be1 Kf5 52. Rbb2 Ra6 53. a5 Ke4 54. Ra4 Bb5 55. Raa2 Kxd4 56. Rb4+ Ke5 57. Bd2 Re2+ 58. Kf3 Rxa5 59. Bxf4+ Kd5 60. Rxa5 Rc2 61. Be3 Be2+ 62. Kf4 Bc4 63. Ra1 a5 64. Rxa5 Rxg2 65. Ra8 Be2 66. Re4 g5+ 67. Kf5 Bg4+ 68. hxg4 1-0

[Event "WchT (Women) Pool-B"]
[Site "Bydgoszcz"]
[Date "2023.09.08"]
[Round "5.3"]
[White "Radeva, Viktoria"]
[Black "Schneider, Jana"]
[Result "1/2-1/2"]
[WhiteElo "2289"]
[BlackElo "2285"]
[PlyCount "117"]
[EventDate "2023.09.06"]
[EventType "team (rapid)"]
[EventRounds "5"]
[EventCountry "POL"]
[SourceTitle "EXT 2024"]
[Source "ChessBase"]
[SourceDate "2023.10.10"]
[SourceVersion "1"]
[SourceVersionDate "2023.10.10"]
[SourceQuality "1"]
[WhiteTeam "Bulgaria (W)"]
[BlackTeam "Germany (W)"]
[WhiteTeamCountry "BUL"]
[BlackTeamCountry "GER"]

1. e4 e5 2. Nf3 Nc6 3. Nc3 Nf6 4. Bb5 Bb4 5. 0-0 d6 6. d3 a6 7. Ba4 b5 8. Bb3 Bg4 9. Nd5 Bxf3 10. Qxf3 Nd4 11. Nxf6+ Qxf6 12. Qxf6 gxf6 13. c3 Nxb3 14. axb3 Bc5 15. Be3 Ke7 16. Ra2 Bb6 17. b4 a5 18. bxa5 Rxa5 19. Rxa5 Bxa5 20. Ra1 Bb6 21. Bxb6 cxb6 22. Ra7+ Ke6 23. g3 Rc8 24. f4 exf4 25. gxf4 f5 26. exf5+ Kf6 27. Rd7 Rc6 28. Kf2 b4 29. cxb4 Rc2+ 30. Kg3 Rxb2 31. Rxd6+ Kxf5 32. Rxb6 Rb3 33. Rb5+ Kf6 34. Kg4 Rxd3 35. Rb6+ Kg7 36. b5 Rd5 37. h4 h5+ 38. Kf3 Rc5 39. Ke4 Rc4+ 40. Ke5 Rc5+ 41. Kd6 Rf5 42. Kc7 Rc5+ 43. Kd7 Rf5 44. Rb8 Rxf4 45. b6 Rxh4 46. Re8 Rb4 47. Kc6 Kg6 48. b7 Rxb7 49. Kxb7 Kf5 50. Kc6 h4 51. Kd5 Kf4 52. Rh8 Kg3 53. Ke4 h3 54. Rg8+ Kf2 55. Kf4 h2 56. Rh8 Kg2 57. Rg8+ Kf2 58. Rh8 Kg2 59. Rg8+ 1/2-1/2

[Event "Spilimbergo op 21st"]
[Site "Spilimbergo"]
[Date "2023.08.12"]
[Round "5"]
[White "Arpita, Mukherjee"]
[Black "Schneider, Jana"]
[Result "1/2-1/2"]
[WhiteElo "2111"]
[BlackElo "2281"]
[PlyCount "69"]
[EventDate "2023.08.09"]
[EventType "swiss"]
[EventRounds "9"]
[EventCountry "ITA"]
[SourceTitle "CBM 215 Extra"]
[Source "ChessBase"]
[SourceDate "2023.09.30"]
[SourceVersion "1"]
[SourceVersionDate "2023.09.30"]
[SourceQuality "1"]

1. e4 e5 2. Nf3 Nc6 3. Bb5 a6 4. Ba4 Nf6 5. d3 d6 6. c4 Be7 7. h3 0-0 8. Nc3 Bd7 9. Be3 Re8 10. 0-0 h6 11. d4 exd4 12. Nxd4 Nxd4 13. Bxd4 c6 14. Bc2 Be6 15. b3 b5 16. Qd3 Rb8 17. cxb5 axb5 18. Rad1 Qa5 19. f4 c5 20. e5 dxe5 21. Bxe5 c4 22. Qg3 Rbd8 23. Kh2 b4 24. Ne4 Nh5 25. Qf3 g6 26. Rxd8 Rxd8 27. g4 Qxa2 28. Rf2 cxb3 29. Bd3 b2 30. Rxb2 Qa3 31. Rd2 Bc4 32. Nf2 Ng7 33. f5 Bxd3 34. Nxd3 gxf5 35. gxf5 1/2-1/2

[Event "Dortmund NRW Cup 50th"]
[Site "Dortmund"]
[Date "2023.06.29"]
[Round "6"]
[White "Karthik, Venkataraman"]
[Black "Schneider, Jana"]
[Result "1-0"]
[WhiteElo "2548"]
[BlackElo "2326"]
[PlyCount "89"]
[EventDate "2023.06.24"]
[EventType "tourn"]
[EventRounds "9"]
[EventCountry "GER"]
[EventCategory "7"]
[SourceTitle "CBM 215 Extra"]
[Source "ChessBase"]
[SourceDate "2023.09.30"]
[SourceVersion "1"]
[SourceVersionDate "2023.09.30"]
[SourceQuality "1"]

1. d4 d5 2. c4 e6 3. Nc3 Nf6 4. cxd5 exd5 5. Bg5 Be7 6. e3 0-0 7. Bd3 h6 8. Bh4 Re8 9. Nge2 c6 10. 0-0 Nh5 11. Bxe7 Qxe7 12. Qd2 Nd7 13. Rae1 Nf8 14. Bc2 a5 15. Kh1 Nf6 16. Ng3 Ne6 17. f3 Qd8 18. Rd1 b6 19. Qf2 Ra7 20. h3 Nh7 21. Ba4 Bd7 22. Nge2 f5 23. Nc1 f4 24. e4 Nf6 25. N1e2 b5 26. Bc2 b4 27. Na4 Nh5 28. Kh2 Bc8 29. exd5 cxd5 30. Bg6 Ng3 31. Nxg3 fxg3+ 32. Qxg3 Rf8 33. Rfe1 Qf6 34. Re5 Nf4 35. Bb1 Rc7 36. Rde1 Rc4 37. Qf2 Ne6 38. Nb6 Qf4+ 39. Qg3 Qxg3+ 40. Kxg3 Nxd4 41. Nxc4 dxc4 42. Rxa5 Be6 43. Re4 Rd8 44. Rc5 Bf7 45. Rxd4 1-0

[Event "Stuttgart op"]
[Site "Ditzingen"]
[Date "2023.05.20"]
[Round "5"]
[White "Dimitrov, Radoslav"]
[Black "Schneider, Jana"]
[Result "1-0"]
[WhiteElo "2488"]
[BlackElo "2298"]
[PlyCount "139"]
[EventDate "2023.05.18"]
[EventType "swiss"]
[EventRounds "7"]
[EventCountry "GER"]
[SourceTitle "CBM 214 Extra"]
[Source "ChessBase"]
[SourceDate "2023.07.31"]
[SourceVersion "1"]
[SourceVersionDate "2023.07.31"]
[SourceQuality "1"]

1. c4 e6 2. Nc3 d5 3. d4 Nf6 4. Bg5 Be7 5. cxd5 exd5 6. e3 0-0 7. Bd3 h6 8. Bh4 c6 9. Nge2 Nbd7 10. f3 c5 11. 0-0 Re8 12. Qd2 b6 13. Rad1 Bb7 14. Bf2 a6 15. Ng3 Bf8 16. e4 dxe4 17. Ngxe4 cxd4 18. Bxd4 Nxe4 19. Bxe4 Bxe4 20. Nxe4 Nc5 21. Qf2 Qc7 22. Rc1 Rac8 23. Qh4 Qd8 24. Qxd8 Rexd8 25. Bxc5 Bxc5+ 26. Nxc5 Rxc5 27. Rxc5 bxc5 28. g3 Kf8 29. Rf2 Rd3 30. Rc2 Rd5 31. Re2 h5 32. Kf2 Rd1 33. Rc2 Ke7 34. Ke3 Kd6 35. b3 Re1+ 36. Kf4 Re5 37. h4 f6 38. g4 g5+ 39. Kg3 hxg4 40. Kxg4 gxh4 41. Kxh4 Rf5 42. Kg4 Rg5+ 43. Kf4 Rh5 44. Rc4 Ke6 45. Kg3 Rg5+ 46. Kf2 Rd5 47. Ra4 Rd6 48. Ra5 Rc6 49. Ke3 Kd5 50. Kf4 Kd4 51. Ra4+ Kc3 52. Kf5 Kb2 53. f4 Rd6 54. Ra5 Rc6 55. Kg6 c4 56. bxc4 Rxc4 57. f5 Rc6 58. Ra4 Rb6 59. Re4 a5 60. Re6 Rb5 61. Re2+ Ka3 62. Kxf6 Rb6+ 63. Kg7 Rb7+ 64. Kg6 a4 65. f6 Rb6 66. Kg7 Rb2 67. Rxb2 Kxb2 68. f7 Kxa2 69. f8Q a3 70. Qb4 1-0

[Event "AUT-chT (Women) 2223"]
[Site "Austria"]
[Date "2023.04.14"]
[Round "8.1"]
[White "Schneider, Jana"]
[Black "Stadlinger, Lea"]
[Result "1-0"]
[WhiteElo "2289"]
[BlackElo "1823"]
[PlyCount "73"]
[EventDate "2022.10.21"]
[EventType "team-tourn"]
[EventRounds "9"]
[EventCountry "AUT"]
[SourceTitle "EXT 2024"]
[Source "ChessBase"]
[SourceDate "2023.10.10"]
[SourceVersion "1"]
[SourceVersionDate "2023.10.10"]
[SourceQuality "1"]
[WhiteTeam "Dornbirn (W)"]
[BlackTeam "Wien KJSV (W)"]
[WhiteTeamCountry "AUT"]
[BlackTeamCountry "AUT"]

1. e4 e5 2. Nf3 Nc6 3. Bb5 a6 4. Ba4 Nf6 5. 0-0 b5 6. Bb3 Be7 7. a4 Bb7 8. d3 d6 9. Bd2 0-0 10. Nc3 Na7 11. Re1 c5 12. Ba2 Qc7 13. Ne2 Bc8 14. Ng3 Be6 15. c3 Bxa2 16. Rxa2 g6 17. Qe2 Rfe8 18. Rea1 Qb7 19. Bg5 Nd7 20. Bxe7 Rxe7 21. axb5 axb5 22. Nh4 Ree8 23. Nhf5 gxf5 24. Nxf5 Re6 25. Qg4+ Rg6 26. Ne7+ Kg7 27. Nxg6 hxg6 28. f4 exf4 29. Qxf4 Ne5 30. Qg3 Qd7 31. d4 Nc4 32. b3 Nb6 33. dxc5 dxc5 34. Qe5+ Kg8 35. Qxc5 Qb7 36. Qe5 Nac8 37. Rd1 1-0

[Event "Millennium Masters 2nd"]
[Site "Rosenheim"]
[Date "2023.04.06"]
[Round "4"]
[White "Costa, Leonardo"]
[Black "Schneider, Jana"]
[Result "1/2-1/2"]
[WhiteElo "2373"]
[BlackElo "2289"]
[PlyCount "97"]
[EventDate "2023.04.03"]
[EventType "tourn"]
[EventRounds "9"]
[EventCountry "GER"]
[EventCategory "4"]
[SourceTitle "CBM 213 Extra"]
[Source "ChessBase"]
[SourceDate "2023.05.31"]
[SourceVersion "1"]
[SourceVersionDate "2023.05.31"]
[SourceQuality "1"]

1. e4 e6 2. d4 d5 3. e5 c5 4. c3 Nc6 5. Nf3 Bd7 6. Be2 Nge7 7. Na3 cxd4 8. cxd4 Nf5 9. Nc2 Be7 10. 0-0 0-0 11. Bd3 f6 12. Bf4 fxe5 13. Nxe5 Be8 14. Nxc6 bxc6 15. Be5 Bg6 16. Qd2 a5 17. Rfe1 Qb6 18. b3 Rac8 19. Re2 Bh5 20. f3 Nh4 21. Rf1 c5 22. dxc5 Bxc5+ 23. Kh1 h6 24. Nd4 Rce8 25. Qb2 Rf7 26. Rd2 Bd6 27. Re2 Bg6 28. Bb5 Ree7 29. Bxd6 Qxd6 30. a4 Nf5 31. Nc6 Rc7 32. Nxa5 Qb6 33. b4 Nd4 34. Ref2 Nxb5 35. axb5 Qxb5 36. h3 Rc2 37. Qd4 Re7 38. Kh2 e5 39. Qg4 Kh7 40. Rxc2 Bxc2 41. Rc1 Qa4 42. Qc8 Bg6 43. Qc5 Re8 44. Qxd5 Qxb4 45. Rc4 Qe1 46. Nb7 Ra8 47. Nd6 Ra1 48. Rc8 Qg1+ 49. Kg3 1/2-1/2

[Event "Millennium Masters 2nd"]
[Site "Rosenheim"]
[Date "2023.04.05"]
[Round "3"]
[White "Schneider, Jana"]
[Black "Zysk, Robert"]
[Result "0-1"]
[WhiteElo "2289"]
[BlackElo "2411"]
[PlyCount "130"]
[EventDate "2023.04.03"]
[EventType "tourn"]
[EventRounds "9"]
[EventCountry "GER"]
[EventCategory "4"]
[SourceTitle "CBM 213 Extra"]
[Source "ChessBase"]
[SourceDate "2023.05.31"]
[SourceVersion "1"]
[SourceVersionDate "2023.05.31"]
[SourceQuality "1"]

1. e4 e6 2. d4 d5 3. e5 c5 4. c3 Nc6 5. Nf3 Nge7 6. Na3 cxd4 7. cxd4 Nf5 8. Nc2 Qb6 9. Bd3 Bd7 10. 0-0 a5 11. Kh1 Be7 12. g4 Nh6 13. Rg1 Ng8 14. Be3 Bd8 15. Rc1 Nge7 16. Nce1 Ng6 17. Bb1 Be7 18. Nd3 Nb4 19. Nc5 Bc6 20. Rg3 Na6 21. Nd3 h6 22. Rh3 0-0-0 23. Nd2 Kb8 24. Nb3 a4 25. Nbc5 Nxc5 26. Nxc5 Bxc5 27. Bxg6 fxg6 28. Rxc5 Qxb2 29. Bc1 Qb6 30. Ba3 Rhf8 31. Rc2 Rf4 32. Bc5 Qb5 33. Rhc3 Rd7 34. Bd6+ Rxd6 35. exd6 Rxd4 36. Qe2 Qxe2 37. Rxe2 Rd1+ 38. Kg2 d4+ 39. Rxc6 bxc6 40. Rxe6 Kc8 41. Re7 d3 42. Kf3 Kd8 43. Ke3 Re1+ 44. Kxd3 Rxe7 45. dxe7+ Kxe7 46. Kc4 Kd6 47. Kb4 Kd5 48. Kxa4 Kc4 49. Ka5 c5 50. a4 Kd4 51. Kb6 c4 52. a5 c3 53. a6 c2 54. a7 c1Q 55. a8Q Qc5+ 56. Ka6 Qa3+ 57. Kb7 Qxa8+ 58. Kxa8 Ke4 59. Kb7 Kf3 60. Kc6 g5 61. Kd5 Kxf2 62. Ke6 Kg2 63. Kf7 Kxh2 64. Kxg7 Kg3 65. Kxh6 Kxg4 0-1

[Event "BL2-Ost 2223"]
[Site "Germany"]
[Date "2023.02.26"]
[Round "8.3"]
[White "Schneider, Jana"]
[Black "Samunenkov, Igor"]
[Result "0-1"]
[WhiteElo "2331"]
[BlackElo "2473"]
[PlyCount "106"]
[EventDate "2022.10.22"]
[EventType "team-tourn"]
[EventRounds "10"]
[EventCountry "GER"]
[SourceTitle "EXT 2024"]
[Source "ChessBase"]
[SourceDate "2023.10.10"]
[SourceVersion "1"]
[SourceVersionDate "2023.10.10"]
[SourceQuality "1"]
[WhiteTeam "Regensburg Bavaria"]
[BlackTeam "Nickelhuette Aue"]
[WhiteTeamCountry "GER"]
[BlackTeamCountry "GER"]

1. e4 c5 2. Nf3 Nc6 3. d4 cxd4 4. Nxd4 g6 5. c4 Nf6 6. Nc3 d6 7. Be2 Nxd4 8. Qxd4 Bg7 9. Be3 0-0 10. Qd2 a5 11. f3 a4 12. Kf2 Qa5 13. Rac1 Bd7 14. Rhd1 Rfc8 15. c5 a3 16. b3 Be6 17. Na4 Qxd2 18. Bxd2 Nd7 19. cxd6 exd6 20. Bc3 Bh6 21. Bd2 Bxd2 22. Rxc8+ Rxc8 23. Rxd2 Rc1 24. Ke3 Ne5 25. Nb6 Rc6 26. Nd5 Bxd5 27. Rxd5 Rc2 28. Rd2 Rc3+ 29. Bd3 Kf8 30. f4 Nc6 31. Rc2 Rc5 32. Rxc5 dxc5 33. e5 Nb4 34. Bb1 Nd5+ 35. Kd3 b5 36. g3 Ke7 37. Kd2 b4 38. Kd3 Nc3 39. Kc4 Nxb1 40. Kxc5 Kd7 41. Kxb4 Kc6 42. Ka4 Nd2 43. Kxa3 Nf1 44. Kb4 Nxh2 45. Ka5 Kb7 46. Kb5 h5 47. Kc5 Nf1 48. Kd6 Nxg3 49. Ke7 h4 50. Kxf7 h3 51. e6 h2 52. e7 Nf5 53. Kf6 Nxe7 0-1

[Event "BL2-Ost 2223"]
[Site "Germany"]
[Date "2023.02.05"]
[Round "6.3"]
[White "Schneider, Jana"]
[Black "Rusche, Johannes"]
[Result "1-0"]
[WhiteElo "2331"]
[BlackElo "2307"]
[PlyCount "79"]
[EventDate "2022.10.22"]
[EventType "team-tourn"]
[EventRounds "10"]
[EventCountry "GER"]
[SourceTitle "EXT 2024"]
[Source "ChessBase"]
[SourceDate "2023.10.10"]
[SourceVersion "1"]
[SourceVersionDate "2023.10.10"]
[SourceQuality "1"]
[WhiteTeam "Regensburg Bavaria"]
[BlackTeam "Garching"]
[WhiteTeamCountry "GER"]
[BlackTeamCountry "GER"]

1. e4 e5 2. Nf3 Nc6 3. Bb5 a6 4. Ba4 Nf6 5. 0-0 Be7 6. Re1 b5 7. Bb3 0-0 8. c3 d6 9. h3 Bb7 10. d4 Re8 11. Ng5 Rf8 12. Nf3 Re8 13. Nbd2 Bf8 14. d5 Nb8 15. Nf1 Nbd7 16. Ng3 h6 17. Nh2 c6 18. dxc6 Bxc6 19. Ng4 a5 20. a3 a4 21. Ba2 Nxg4 22. hxg4 g6 23. Qf3 Qf6 24. Be3 Rac8 25. Rad1 Qxf3 26. gxf3 Nf6 27. Kg2 Nh7 28. Rh1 Ng5 29. Nf1 Kg7 30. Bxg5 hxg5 31. Ne3 Bd7 32. Rh2 Be6 33. Nd5 Rc5 34. Rdh1 Bxd5 35. Bxd5 Kf6 36. Rh8 Rcc8 37. Rd1 Red8 38. Rg8 Rc7 39. Rh1 Ke7 40. Rxg6 1-0

[Event "Prague op 21st"]
[Site "Prague"]
[Date "2023.01.13"]
[Round "9"]
[White "Schneider, Jana"]
[Black "Pyrig, Roman"]
[Result "1/2-1/2"]
[WhiteElo "2263"]
[BlackElo "2066"]
[PlyCount "119"]
[EventDate "2023.01.06"]
[EventType "swiss"]
[EventRounds "9"]
[EventCountry "CZE"]
[SourceTitle "CBM 212 Extra"]
[Source "ChessBase"]
[SourceDate "2023.03.31"]
[SourceVersion "1"]
[SourceVersionDate "2023.03.31"]
[SourceQuality "1"]

1. e4 c5 2. Nf3 Nc6 3. Nc3 e5 4. Bc4 d6 5. d3 Be7 6. 0-0 h6 7. Nd5 Nf6 8. c3 0-0 9. h3 Be6 10. a3 Re8 11. b4 Rb8 12. Be3 Bf8 13. Qa4 a6 14. b5 axb5 15. Qxb5 Na7 16. Qb2 Nxd5 17. Bxd5 Bxd5 18. exd5 b5 19. Qc2 g6 20. Rfb1 Bg7 21. a4 Qd7 22. axb5 Nxb5 23. Rb3 Nc7 24. Ra7 Rxb3 25. Qxb3 Qb5 26. Qa2 Qb6 27. c4 Rb8 28. Nd2 f5 29. f4 exf4 30. Bxf4 g5 31. Be3 Rb7 32. Ra3 Ne8 33. Qb3 Qc7 34. Qa4 Qe7 35. Bf2 Rb2 36. Qd1 Nf6 37. Qe1 Qxe1+ 38. Bxe1 Nh5 39. Kf2 Nf4 40. Kf3 Be5 41. g4 Nxh3 42. gxf5 h5 43. f6 Kf7 44. Ke4 Kxf6 45. d4 Bf4 46. Rxh3 Bxd2 47. Bg3 Bc3 48. dxc5 dxc5 49. Rxh5 Re2+ 50. Kd3 Rg2 51. Bc7 Kg6 52. Rh1 Bf6 53. d6 Rg4 54. Rd1 Rd4+ 55. Ke2 Rxc4 56. d7 Rd4 57. d8Q Bxd8 58. Bxd8 g4 59. Rxd4 cxd4 60. Bc7 1/2-1/2

[Event "Prague op 21st"]
[Site "Prague"]
[Date "2023.01.10"]
[Round "6"]
[White "Schneider, Jana"]
[Black "Wiley, Tom E"]
[Result "1-0"]
[WhiteElo "2263"]
[BlackElo "2131"]
[PlyCount "73"]
[EventDate "2023.01.06"]
[EventType "swiss"]
[EventRounds "9"]
[EventCountry "CZE"]
[SourceTitle "CBM 212 Extra"]
[Source "ChessBase"]
[SourceDate "2023.03.31"]
[SourceVersion "1"]
[SourceVersionDate "2023.03.31"]
[SourceQuality "1"]

1. e4 e6 2. d4 d5 3. e5 c5 4. c3 Nc6 5. Nf3 Nh6 6. Bxh6 gxh6 7. Bb5 Qb6 8. Qe2 cxd4 9. cxd4 Bd7 10. 0-0 Bg7 11. Nc3 a6 12. Bxc6 Bxc6 13. a4 a5 14. Rfc1 0-0 15. Nd1 Qb4 16. Ne3 Qe7 17. Ra3 Kh8 18. Nf1 Qd7 19. Ne3 Qe7 20. Qd1 Rg8 21. Ng4 Bf8 22. Nf6 Rg6 23. Nh4 Rxf6 24. exf6 Qxf6 25. Rh3 Bg7 26. Nf3 Qf4 27. Rh4 Qf5 28. b3 Rg8 29. Ne1 Bf8 30. Qd2 Qg6 31. Qf4 Be7 32. Rxh6 Qg5 33. Qe3 Qxe3 34. fxe3 Rg6 35. Rxg6 hxg6 36. Nd3 f6 37. Nf4 1-0